MARC details
| 000 -LEADER |
| campo de control de longitud fija |
02210nam a2200505 i 4500 |
| 001 - NÚMERO DE CONTROL |
| campo de control |
195764 |
| 003 - IDENTIFICADOR DE NÚMERO DE CONTROL |
| campo de control |
SpMaBN |
| 005 - FECHA Y HORA DE LA ÚLTIMA TRANSACCIÓN |
| campo de control |
20250815122202.0 |
| 008 - DATOS DE LONGITUD FIJA--INFORMACIÓN GENERAL |
| campo de control de longitud fija |
240714s2007 sp | ||| ||spa |
| 016 7# - NÚMERO DE CONTROL DE UNA AGENCIA BIBLIOGRÁFICA NACIONAL |
| Número de control del registro |
bimoBNE20070488303 |
| Fuente |
SpMaBN |
| 017 ## - NÚMERO DE COPYRIGHT O DE DEPÓSITO LEGAL |
| Número de copyright o de depósito legal |
M 9002-2007 |
| Agencia que asigna |
Oficina Depósito Legal Madrid |
| 020 ## - NÚMERO INTERNACIONAL ESTÁNDAR DEL LIBRO |
| Número Internacional Estándar del Libro |
9788461153763 |
| 035 ## - NÚMERO DE CONTROL DEL SISTEMA |
| Número de control de sistema |
(OCoLC)434008202 |
| 035 ## - NÚMERO DE CONTROL DEL SISTEMA |
| Número de control de sistema |
bimo0002379556 |
| 040 ## - FUENTE DE CATALOGACIÓN |
| Centro catalogador/agencia de origen |
SpMaBN |
| Lengua de catalogación |
spa |
| Centro/agencia transcriptor |
SpMaBN |
| Normas de descripción |
rdc |
| Centro/agencia modificador |
ES-MaACL |
| 080 ## - NÚMERO DE LA CLASIFICACIÓN DECIMAL UNIVERSAL |
| Número de la Clasificación Decimal Universal |
75 Sousa, Linda de (083.824) |
| 100 ## - ENTRADA PRINCIPAL--NOMBRE DE PERSONA |
| Nombre de persona |
Sousa, Linda de, |
| Fechas asociadas al nombre |
1949- |
| Número de control del registro de autoridad o número normalizado |
XX4606611 |
| 9 (RLIN) |
237455 |
| Término indicativo de función/relación |
Autor |
| 245 10 - MENCIÓN DEL TÍTULO |
| Título |
Linda de Sousa : |
| Resto del título |
1-23 marzo 2007, Ateneo de Madrid / |
| Mención de responsabilidad, etc. |
[textos, Isabel Pires de Lima ... et al.]. |
| 246 34 - FORMA VARIANTE DEL TITULO |
| Texto de visualización |
Tít. de cubierta |
| Título propio/Titulo breve |
Transparentes |
| 260 ## - PUBLICACIÓN, DISTRIBUCIÓN, ETC. |
| Lugar de publicación, distribución, etc. |
[Madrid] : |
| Nombre del editor, distribuidor, etc. |
Ateneo de Madrid, |
| Fecha de publicación, distribución, etc. |
[2007]. |
| 300 ## - DESCRIPCIÓN FÍSICA |
| Extensión |
52 p., [16] h. de lám. : |
| Otras características físicas |
principalmente il. col. ; |
| Dimensiones |
28 cm. |
| 505 8# - NOTA DE CONTENIDO CON FORMATO |
| Nota de contenido con formato |
Contiene: ; |
| Título |
Mujeres maltratadas: una reflexión plástica / |
| Mención de responsabilidad |
Josefina Hesse. -- |
| Título |
De arte y de mujeres maltratadas / |
| Mención de responsabilidad |
Julia Sáez-Angulo |
| 546 ## - NOTA DE IDIOMA |
| Nota de lengua/lenguaje |
Textos en español, portugués e inglés. |
| 546 ## - NOTA DE IDIOMA |
| Nota de lengua/lenguaje |
Textos en español, portugués e inglés. |
| 600 #0 - PUNTO DE ACCESO ADICIONAL DE MATERIA--NOMBRE DE PERSONA |
| Nombre de persona |
Sousa, Linda de, |
| Fechas asociadas al nombre |
1949- |
| Fuente del encabezamiento o término |
embne |
| 9 (RLIN) |
237455 |
| 600 #0 - PUNTO DE ACCESO ADICIONAL DE MATERIA--NOMBRE DE PERSONA |
| Nombre de persona |
Sousa, Linda de, |
| 9 (RLIN) |
237455 |
| Fechas asociadas al nombre |
1949- |
| 610 24 - PUNTO DE ACCESO ADICIONAL DE MATERIA--NOMBRE DE ENTIDAD CORPORATIVA |
| Nombre de entidad corporativa o nombre de jurisdicción como elemento de entrada |
Ateneo de Madrid- |
| Subdivisión de forma |
Exposiciones- |
| Subdivisión cronológica |
2001-2009 |
| 9 (RLIN) |
1924 |
| 650 #7 - PUNTO DE ACCESO ADICIONAL DE MATERIA--TÉRMINO DE MATERIA |
| Término de materia o nombre geográfico como elemento de entrada |
Pintura |
| Fuente del encabezamiento o término |
embne |
| 9 (RLIN) |
16002 |
| 650 #4 - PUNTO DE ACCESO ADICIONAL DE MATERIA--TÉRMINO DE MATERIA |
| Término de materia o nombre geográfico como elemento de entrada |
Violencia de género- |
| Subdivisión general |
En el arte. |
| 9 (RLIN) |
170614 |
| 655 #7 - TERMINO DE INDIZACIÓN--GENERO/FORMA |
| Fuente del término |
tgfbne |
| 9 (RLIN) |
193628 |
| Datos o término principal de género/forma |
Catálogos de exposiciones |
| 700 1# - ENTRADA AGREGADA--NOMBRE PERSONAL |
| Nombre de persona |
Lima, Isabel Pires de |
| 9 (RLIN) |
148915 |
| Término indicativo de función/relación |
Autor |
| 700 1# - ENTRADA AGREGADA--NOMBRE PERSONAL |
| Nombre de persona |
Hesse, Josefina |
| 9 (RLIN) |
148916 |
| 700 1# - ENTRADA AGREGADA--NOMBRE PERSONAL |
| Nombre de persona |
Sáez-Angulo, Julia |
| 9 (RLIN) |
101359 |
| 710 2# - ENTRADA AGREGADA--NOMBRE DE ENTIDAD CORPORATIVA |
| Nombre de entidad corporativa o nombre de jurisdicción como elemento de entrada |
Ateneo de Madrid |
| 9 (RLIN) |
1875 |
| Término indicativo de función/relación |
Editor literario |
| 710 2# - ENTRADA AGREGADA--NOMBRE DE ENTIDAD CORPORATIVA |
| Nombre de entidad corporativa o nombre de jurisdicción como elemento de entrada |
Ateneo de Madrid. |
| Unidad subordinada |
Sala de Santa Catalina |
| 9 (RLIN) |
1964 |
| 710 2# - ENTRADA AGREGADA--NOMBRE DE ENTIDAD CORPORATIVA |
| Nombre de entidad corporativa o nombre de jurisdicción como elemento de entrada |
Ateneo de Madrid. |
| Unidad subordinada |
Sección de Artes Plásticas |
| 9 (RLIN) |
1970 |
| 852 ## - LOCALIZACIÓN |
| Ubicación |
ES-MaACL |
| Sublocalización o colección |
R.153017 |
| Ubicación en estantería |
Depósito J |
| Número de control de estantería |
N-8773 |
| Donativo/Legado |
Donación |
| Encuadernación |
Encuadernación rústica con solapas |
| itemnumber |
203905 |
| 852 ## - LOCALIZACIÓN |
| Ubicación |
ES-MaACL |
| Sublocalización o colección |
R.152873 |
| Ubicación en estantería |
Depósito J |
| Número de control de estantería |
N-8817 |
| Donativo/Legado |
Donación |
| Encuadernación |
Encuadernación rústica con solapas |
| itemnumber |
203906 |
| 852 ## - LOCALIZACIÓN |
| Ubicación |
ES-MaACL |
| Número de control de estantería |
2291-F-10 |
| 942 ## - ELEMENTOS DE ENTRADA SECUNDARIOS (KOHA) |
| Tipo de ítem Koha |
Libro impreso |
| Suprimir en OPAC |
No |